Guess The Clash Royale Card (Easy Edition) - Statistics

General Stats
  • This quiz has been taken 356 times
  • The average score is 12 of 15
Answer Stats
Hint Answer % Correct
"Pancakes!" Mini P.E.K.K.A.
95%
"HOOG RIIDEER!" Hog Rider
94%
"Booowlling!" Bowler
93%
First big spell Fireball
90%
Drops Rage spell when killed Lumberjack
89%
Turns enemies to pigs Mother Witch
89%
Sometimes spawns bats Night Witch
89%
Quick Spell, 2 Elixir Zap
86%
"BUT I'M THE QUEEN!" Archer Queen
85%
Air troop that shoots electricity Electro Dragon
83%
Uses invisibility Royal Ghost
83%
Epic, Swarm Troop Skeleton Army
83%
Shoots fireballs Wizard
83%
Male, Shoots Arrows Magic Archer
81%
First small spell Arrows
79%
First win condition Giant
77%
Legendary, Slows Down Enemies Ice Wizard
73%
Female, Splash Damage Valkyrie
63%
Skeleton in the air! Balloon
57%
First legendary Miner
49%
No matching quizzes found
Score Distribution
Percent of People with Each Score
Percentile by Number Answered
Your Score History
You have not taken this quiz